000 00858nam a2200277 i 4500
001 C2-0331080
003 PPAK
005 20180728131541.0
008 150528s2015 my a|||| ||||| | may d
020 _a9789673801008
040 _aPPAK
_beng
_cPPAK
_erda
082 0 4 _a370.114
_223
090 0 0 _a370.114
_bMAR
_dK
100 0 _aMaruwiah Ahmat,
_d1968-
_eauthor
245 1 0 _aDemokrasi dan keamanan sejagat
264 1 _aButterworth, Pulau Pinang :
_bMega Publications ,
_c2015
300 _aiv, 92 pages :
_bcolour photographs ;
_c26 cm
336 _2rdacontent
_atext
337 _2rdamedia
_aunmediated
338 _2rdacarrier
_avolume
490 1 _aSiri moral unggul
500 _aIncludes bibliographical references
650 1 0 _aMoral education - Juvenile literature. ; Democratization.
830 0 _aSiri moral unggul
942 _ddc
_cB
999 _c129844
_d129844